000 01435nam a2200289 a 4500
001 27811
003 BD-RjUL
005 20211209051214.0
008 140327s1984 enkb b 001 0 eng
020 _a0865316570
020 _a0865316589 (pbk.)
035 _a(BD-RjUL)27890
040 _aDLC
_cDLC
_dBD-RjUL
_beng
041 _aeng
082 0 0 _a956.05
_219
_bMID 1984
245 1 4 _aThe Middle East since Camp David /
_cedited by Robert O. Freedman.
260 _aBoulder ; London :
_bWestview Press,
_cc1984.
300 _axiv, 263 p. :
_bill.,map ;
_c23 cm.
490 _aWestview special studies on the Middle East
504 _aInclude bibliography and index.
505 0 _aIntroduction / Robert O. Freedman -- Superpower perspectives. Soviet policy toward the Middle East since Camp David / Robert O. Freedman -- U.S. policy on the Middle East in the period since Camp David / Barry Rubin -- Regional perspectives. The post-Camp David Arab world / Shireen T. Hunter and Robert E. Hunter -- Iran and the Middle East in the Khomeini era / Robert G. Darius -- Domestic perspectives since Camp David. Syrian policy / John F. Devlin -- Israeli policy / Don Peretz -- Egyptian policy / Louis J. Cantori -- The PLO / Aaron David Miller.
651 0 _aMiddle East
_xPolitics and government
_y1945-
_970973
700 1 _aFreedman, Robert Owen.
_985369
942 _2ddc
_cBK
999 _c27811
_d27811